000 02951nam1a2200397 4500
001 RU\NLR\BIBL_A\022714683
005 20260409001606.0
010 _a978-5-907961-72-2
_bобщий
_9500
035 _a(NLR Aleph) 022714683
090 _a13647277
_c13647277
100 _a20260202d2025 k y0rusy50 ca
101 0 _arus
_deng
102 _aRU
105 _a z
181 0 _ai3
_baxxe
182 0 _an
200 1 _aАктуальные проблемы личностно-профессионального становления педагога: вызовы, тенденции и перспективы
_eсборник научных статей III Международного форума, посвященного Году защитника Отечества, 14-17 мая 2025 года, Воронеж
_eв 2 частях
_f[Министерство просвещения Российской Федерации, Воронежский государственный педагогический университет, Российская академия образования]
_gнаучные редакторы: доктор педагогических наук, доцент А. С. Фетисов, член-корреспондент РАО, доктор педагогических наук, профессор М. В. Шакурова
203 _aТекст
_bвизуальный
_cнепосредственный
210 _aВоронеж
_cВоронежский государственный педагогический университет
_d2025
215 _d30
225 1 _a80. Победа! Год защитника Отечества, 2025
300 _aРез. англ.
320 _aБиблиогр. в конце ст.
606 1 _aПедагоги
_jСъезды, совещания и т.п
_xПрофессиональное развитие
_92144567
_3RU\NLR\AUTH\661596821
606 1 _aПедагоги
_jСъезды, совещания и т.п
_xПодготовка
_92350101
_3RU\NLR\AUTH\6601627117
686 1 _aЧ314.21я431
686 1 _aЧ489.518.2я431
702 1 _4340
_7ca
_8rus
_aФетисов
_bА. С.
_cд-р пед. наук
_gАлександр Сергеевич
_9110107
_3RU\NLR\AUTH\77127183
711 1 2 _a"Актуальные проблемы личностно-профессионального становления педагога: вызовы, тенденции и перспективы", международный форум
_d3
_eВоронеж
_f2025
_92696386
_3RU\NLR\AUTH\880638458
712 0 2 _4475
_aВоронежский государственный педагогический университет
_9280376
_3RU\NLR\AUTH\884444
852 _aNLR
_j2026-8/305
942 _cBOOK
980 _aNB